[Event "LAT-ch Women 2017"]
[Site "Riga"]
[Date "2017.10.08"]
[Round "5"]
[White "Osobskaja, Zinaida"]
[Black "Maklakova, Nellija"]
[Result "0-1"]
[WhiteElo "1646"]
[BlackElo "1800"]
[Annotator "NA"]
[PlyCount "56"]
[EventDate "2017.??.??"]
[EventType "swiss"]
[EventCountry "LAT"]
[SourceTitle "playchess.com"]
[Source "ChessBase"]
[SourceQuality "1"]
[TimeControl "5400+30"]

1. e4 {[%emt 0:00:00]} e6 {[%emt 0:01:22]} 2. d4 {[%emt 0:00:00]} d5 {[%emt 0:00:05]} 3. exd5 {[%emt 0:02:58]} exd5 {[%emt 0:00:06]} 4. Bd3 {[%emt 0:00:20]} Be7 {[%emt 0:01:26]} 5. h3 {[%emt 0:01:11]} Nf6 {[%emt 0:00:27]} 6. Nf3 {[%emt 0:02:22]} O-O {[%emt 0:02:58]} 7. O-O {[%emt 0:01:55]} Nc6 {[%emt 0:02:21]} 8. c3 {[%emt 0:00:21]} Ne4 {[%emt 0:01:57]} 9. Qc2 {[%emt 0:06:02]} f5 {[%emt 0:00:52]} 10. Ne5 {[%emt 0:07:18]} Nxe5 {[%emt 0:02:24]} 11. dxe5 Bc5 12. Kh2 {[%emt 0:01:36]} Qh4 {[%emt 0:05:13]} 13. g3 {[%emt 0:00:55]} Qh5 {[%emt 0:01:21]} 14. f4 {[%emt 0:00:51]} Bd7 {[%emt 0:04:01]} 15. b4 {[%emt 0:04:15]} Bb6 {[%emt 0:01:22]} 16. a4 {[%emt 0:00:40]} a6 {[%emt 0:02:48]} 17. c4 {[%emt 0:03:19]} dxc4 {[%emt 0:04:19]} 18. Bxc4+ {[%emt 0:01:41]} Kh8 {[%emt 0:00:30]} 19. Bd5 {[%emt 0:00:02]} c6 {[%emt 0:03:08]} 20. Bxe4 {[%emt 0:00:30]} fxe4 {[%emt 0:00:01]} 21. Qg2 {[%emt 0:02:15]} Bg4 {[%emt 0:08:34]} 22. Ra3 {[%emt 0:04:29]} Bf3 {[%emt 0:07:24]} 23. Qc2 {[%emt 0:04:41]} Be2 {[%emt 0:16:40]} 24. Re1 {[%emt 0:05:28]} Bd3 {[%emt 0:00:37]} 25. Rxd3 {[%emt 0:00:14]} exd3 {[%emt 0:00:05]} 26. Qxd3 {[%emt 0:00:07]} Rad8 {[%emt 0:03:07]} 27. Qc2 {[%emt 0:05:08]} Qf3 {[%emt 0:02:06]} 28. Nc3 {[%emt 0:00:51]} Bf2 {[%emt 0:01:34]} 0-1

[Event "LAT-ch Women 2017"]
[Site "Riga"]
[Date "2017.10.08"]
[Round "5"]
[White "Zalcmane, Vija"]
[Black "Parhomenko, Margarita"]
[Result "0-1"]
[WhiteElo "1533"]
[BlackElo "1919"]
[Annotator "NA"]
[PlyCount "90"]
[EventDate "2017.??.??"]
[EventType "swiss"]
[EventCountry "LAT"]
[SourceTitle "playchess.com"]
[Source "ChessBase"]
[SourceQuality "1"]
[TimeControl "5400+30"]

1. c4 {[%emt 0:00:00]} e5 {[%emt 0:00:11]} 2. Nc3 {[%emt 0:00:00]} Nf6 {[%emt 0:00:09]} 3. g3 {[%emt 0:00:00]} Bb4 {[%emt 0:00:16]} 4. Bg2 {[%emt 0:00:45]} Bxc3 {[%emt 0:01:53]} 5. bxc3 {[%emt 0:00:40]} Nc6 {[%emt 0:00:55] A21: English Opening: 1...e5 2 Nc3} (5... O-O 6. Nf3 Re8 7. O-O e4 8. Ne1 Nc6 9. d3 d5 10. cxd5 Qxd5 11. Nc2 Qh5 12. Ne3 Bh3 13. d4 Rad8 14. Rb1 b6 15. Qa4 Na5 16. Qb5 Qxb5 17. Rxb5 Bxg2 18. Kxg2 c6 {0-1 (48) Ipatov,A (2613)-Sokolov,I (2650) Dubai 2014}) 6. d3 {[%emt 0:00:45]} d6 {[%emt 0:01:52]} 7. Nf3 {[%emt 0:00:23]} h6 {[%emt 0:06:25]} 8. O-O {[%emt 0:02:48]} Be6 {[%emt 0:00:39]} 9. h3 {[%emt 0:00:16]} O-O {[%emt 0:04:00]} 10. Rb1 {[%emt 0:00:49]} Rb8 {[%emt 0:00:17]} 11. e4 {[%emt 0:09:19]} Nd7 {[%emt 0:07:37]} 12. Be3 {[%emt 0:09:18]} f5 {[%emt 0:03:39]} 13. exf5 {[%emt 0:03:03]} Bxf5 {[%emt 0:00:37]} 14. Nh4 $146 {[%emt 0:01:08]} ({Predecessor:} 14. Nh2 Nf6 15. Ng4 Kh8 16. Kh2 Qe8 17. Nxf6 Rxf6 18. Rb2 b6 19. Re2 Qd7 20. g4 Be6 21. f4 exf4 22. Rxf4 Rbf8 {½-½ (22) Morley,P (2262)-Alvarez Villar,H (2333) ICCF email 2011}) 14... Be6 {[%emt 0:05:35]} 15. Bd5 {[%emt 0:03:12]} Bxd5 {[%emt 0:10:40]} 16. cxd5 {[%emt 0:00:52]} Ne7 {[%emt 0:00:42]} 17. c4 {[%emt 0:01:29]} b6 {[%emt 0:06:50]} 18. Rb2 {[%emt 0:18:01]} Nf6 {[%emt 0:05:17]} 19. Kh2 {[%emt 0:10:23]} Qd7 {[%emt 0:03:59]} 20. g4 {[%emt 0:00:55]} g5 {[%emt 0:02:12]} 21. Ng2 {[%emt 0:00:28]} Ng6 {[%emt 0:02:16]} 22. f3 {[%emt 0:03:10]} Rbe8 {[%emt 0:05:25]} 23. d4 {[%emt 0:05:12]} Nf4 {[%emt 0:07:01]} (23... a6 $15) 24. dxe5 {[%emt 0:02:21]} dxe5 {[%emt 0:00:55]} 25. Qc2 {[%emt 0:06:06]} Kg7 {[%emt 0:04:34]} 26. Qd1 {[%emt 0:02:48]} (26. Nxf4 $11 gxf4 27. Bf2) 26... Qd6 {[%emt 0:00:40]} 27. Nxf4 {[%emt 0:03:13]} gxf4 {[%emt 0:00:18]} 28. Bf2 {[%emt 0:00:40]} e4 {[%emt 0:04:55]} 29. fxe4 {[%emt 0:02:02]} (29. Bd4 $11 {keeps the balance.}) 29... Rxe4 {[%emt 0:00:35]} ({Günstiger ist} 29... Nxe4 $17 30. Kh1 Nxf2+ 31. Rbxf2 Re4) 30. Qd3 {[%emt 0:02:06]} Qe5 {[%emt 0:04:25]} (30... c5 $15) 31. Rd2 {[%emt 0:01:04]} Re8 {[%emt 0:00:55]} (31... Re3 $5 32. Qd4 Qd6 $11) 32. Kg1 {[%emt 0:02:21]} h5 {[%emt 0:03:46]} 33. Bd4 {[%emt 0:01:04]} Qg5 {[%emt 0:00:52]} 34. Rg2 {[%emt 0:01:24]} h4 {[%emt 0:01:24]} 35. Qc3 {[%emt 0:02:02]} Kf7 {[%emt 0:01:07]} 36. Rgf2 {[%emt 0:01:10]} (36. Kh2 $14) 36... Nh5 $1 {[%emt 0:01:18]} 37. Qd2 {[%emt 0:01:54] [#]} (37. Qd3 $11) 37... Kg8 $1 {[%emt 0:00:42]} 38. Kh2 {[%emt 0:01:30]} Ng3 {[%emt 0:00:04]} 39. Rg1 $2 {[%emt 0:01:35]} (39. Rd1 $17 {is a better chance.}) 39... Ne2 {[%emt 0:00:44]} 40. Rgf1 {[%emt 0:01:52]} (40. Bb2 $142 Nxg1 41. Kxg1) 40... Nxd4 {[%emt 0:00:17]} 41. Qb2 $19 {[%emt 0:01:12]} f3 {[%emt 0:01:30]} 42. Qc3 {[%emt 0:00:43]} Qf4+ {[%emt 0:01:01]} 43. Kh1 {[%emt 0:00:26]} Qg3 {[%emt 0:00:40]} 44. Qd2 {[%emt 0:00:43]} Qxh3+ {[%emt 0:00:16]} 45. Kg1 {[%emt 0:00:38]} Rxg4+ {[%emt 0:00:05]} 0-1

[Event "LAT-ch Women 2017"]
[Site "Riga"]
[Date "2017.10.09"]
[Round "6"]
[White "Berzina, Ilze"]
[Black "Sarnovska, Eira"]
[Result "1-0"]
[WhiteElo "2245"]
[BlackElo "1727"]
[Annotator "TA"]
[PlyCount "77"]
[EventDate "2017.??.??"]
[EventType "swiss"]
[EventCountry "LAT"]
[SourceTitle "playchess.com"]
[Source "ChessBase"]
[SourceQuality "1"]

{[%evp 15,77,28,96,85,83,79,79,65,64,47,60,-30,1,0,56,49,100,97,110,114,108,88,123,123,150,103,110,136,137,69,75,38,45,30,31,12,45,62,45,45,78,78,78,68,79,70,78,60,87,64,89,86,104,0,65,67,68,67,86,80,305,265,1690,1686]} 1. e4 e6 2. d4 d5 3. e5 c5 4. c3 Nc6 5. Nf3 Qb6 6. a3 Bd7 7. b4 cxd4 8. cxd4 f6 (8... Rc8 $11) 9. Bd3 $16 {C02: French: Advance Variation} (9. Be2 g6 10. O-O Bg7 11. b5 Nce7 12. Nc3 fxe5 13. Nxe5 Nf6 14. Na4 Qd8 15. Nc5 Bc8 16. a4 O-O {1-0 (40) Krupa,M (2229)-Przezdziecka,M (2285) Bogatynia 2009}) 9... g6 10. exf6 Nxf6 11. O-O {White is better.} Bg7 12. Bb2 $146 ({Predecessor:} 12. Nc3 O-O 13. Na4 Qc7 14. b5 Na5 15. Ne5 Ne4 16. Bb2 Nd6 17. Nxd7 Qxd7 18. Nc5 {½-½ (71) Becker,J (2101)-Becker,C (2019) Eppelborn 2008}) 12... O-O 13. b5 (13. Nbd2 $14) 13... Na5 14. a4 {[%cal Ba3a4,Ba4b5][%mdl 32]} Rfc8 ({Better is} 14... Ne4 $11) 15. Nbd2 a6 (15... Nc4 $14 16. Bxc4 dxc4) 16. Qe2 axb5 17. axb5 Qd8 18. Ne5 b6 19. Rfe1 Be8 20. f4 Nh5 {[%cal Bf6h5,Bh5g7,Bg7f5][%mdl 32]} 21. g3 Bxe5 22. dxe5 (22. Qxe5 $16 Bd7 23. Qe2) 22... Nb7 $1 $14 23. Nf3 Nc5 24. Bc2 Ng7 25. Bd4 Nf5 26. Bf2 Rxa1 27. Rxa1 Ra8 28. Rxa8 Qxa8 29. g4 Ng7 30. Nd4 Qa1+ 31. Kg2 Qb2 32. h3 {[%cal Bh2h3,Bh3h4][%mdl 32]} Qc1 33. Qe3 Qb2 34. Qe2 Qc1 $1 35. Be3 Qb2 36. Kh2 $36 {[%mdl 2048] White is pushing.} Bd7 37. h4 h5 $2 (37... Qc3 $16 {might work better.}) 38. gxh5 $18 ({Don't do} 38. Bxg6 Qxe2+ 39. Nxe2 Nb3 $18) 38... gxh5 $2 {[#]} (38... Nf5) 39. Bh7+ $1 {[%mdl 512] Precision: White = 53%, Black = 38%.} 1-0

[Event "LAT-ch Women 2017"]
[Site "Riga"]
[Date "2017.10.09"]
[Round "6"]
[White "Limanovska, Elizabete"]
[Black "Krumina, Linda"]
[Result "0-1"]
[WhiteElo "1972"]
[BlackElo "2096"]
[Annotator "NA RC"]
[PlyCount "90"]
[EventDate "2017.??.??"]
[EventType "swiss"]
[EventCountry "LAT"]
[SourceTitle "playchess.com"]
[Source "ChessBase"]
[SourceQuality "1"]
[TimeControl "5400+30"]

{[%evp 27,90,-39,0,-40,0,-36,-16,-11,-15,-9,-16,-43,0,-8,0,0,29,31,64,42,54,40,51,-39,32767,32767,32767,0,0,32767,109,-21,0,0,0,0,0,0,0,-154,-60,-65,-16,-63,135,94,81,0,0,0,60,-1339,-2485,-1337,-1387,-1231,-1226,-1078,-1328,-800,-1247,-832,-1330,-949,-1051]} 1. e4 {[%emt 0:00:00]} c5 {[%emt 0:00:07]} 2. Nf3 {[%emt 0:00:00]} e6 {[%emt 0:00:04]} 3. d4 {[%emt 0:00:05]} cxd4 {[%emt 0:00:06]} 4. Nxd4 {[%emt 0:00:03]} a6 {[%emt 0:00:03]} 5. c4 {[%emt 0:00:27]} Nc6 {[%emt 0:00:37]} 6. Nc3 {[%emt 0:04:09]} Qc7 {[%emt 0:03:41]} 7. Nxc6 {[%emt 0:09:59] B41: Sicilian: Kan Variation: 5 c4} (7. Be2 Nf6 8. O-O h5 9. h3 Bc5 10. Be3 b6 11. Rc1 Bb7 12. Nc2 Ne5 13. b4 Bxe3 14. Nxe3 Nxe4 15. Nxe4 Bxe4 16. Qd4 {1-0 (27) Naiditsch,A (2687)-Miezis,N (2509) Tallinn 2016}) 7... dxc6 {[%emt 0:06:05]} 8. a4 $146 {[%emt 0:08:20]} ({Predecessor:} 8. Be3 Nf6 9. Qb3 Bd6 10. g3 e5 11. f3 Be6 12. Bb6 Qe7 13. O-O-O Nd7 14. Na4 Nxb6 15. Qxb6 {0-1 (22) Szczurek,K (2070)-Karas,M (2273) Banska Stiavnica 2017}) 8... Nf6 {[%emt 0:04:29]} 9. g3 {[%emt 0:11:11]} Bb4 {[%emt 0:02:20]} 10. Bg2 {[%emt 0:00:52]} O-O {[%emt 0:06:20]} 11. O-O {[%emt 0:01:11]} e5 {[%emt 0:11:38]} 12. Qb3 {[%emt 0:10:52]} a5 {[%emt 0:02:44]} 13. Na2 {[%emt 0:05:32]} Bc5 {[%emt 0:02:46]} 14. Be3 {[%emt 0:02:13]} Bd4 {[%emt 0:01:35]} 15. Rad1 {[%emt 0:05:21]} Rd8 {[%emt 0:06:42]} 16. Nc1 {[%emt 0:01:37]} Be6 {[%emt 0:01:16]} 17. Bxd4 $1 {[%emt 0:05:02]} Rxd4 {[%emt 0:03:40]} 18. Rxd4 {[%emt 0:00:47]} exd4 {[%emt 0:00:02]} 19. Qc2 {[%emt 0:01:29]} c5 {[%emt 0:02:27]} 20. Nd3 {[%emt 0:02:06]} Ng4 {[%emt 0:06:12]} 21. Nf4 {[%emt 0:02:49]} Ra6 {[%emt 0:10:15]} 22. Nd5 {[%emt 0:02:11]} Qd8 {[%emt 0:07:21]} 23. h3 {[%emt 0:01:19]} Ne5 {[%emt 0:01:15]} 24. f4 {[%emt 0:00:34]} Nc6 {[%emt 0:00:12]} 25. f5 {[%emt 0:03:28]} (25. e5 $14) 25... Bd7 {[%emt 0:02:39]} 26. b3 {[%emt 0:02:23]} Qg5 {[%emt 0:04:31]} 27. Qf2 {[%emt 0:03:35]} Ne5 {[%emt 0:02:32]} 28. h4 {[%emt 0:02:11]} Qg4 {[%emt 0:02:54] [#]} (28... Qh5 $11 {remains equal.}) 29. Kh2 {[%emt 0:00:22]} (29. Nf4 $1 $16 g5 30. fxg6 Rxg6 31. Nxg6 Qxg6 32. Qf4) 29... Rh6 {[%emt 0:01:17]} 30. Qd2 {[%emt 0:03:36]} Ra6 $1 {[%emt 0:04:36]} 31. Nf4 {[%emt 0:04:27]} g5 {[%emt 0:01:55]} 32. fxg6 $1 {[%emt 0:01:44]} hxg6 {[%emt 0:00:34]} 33. Qf2 $2 {[%emt 0:03:39] [#]} (33. Qc1 $11) 33... Rf6 {[%emt 0:00:26]} (33... g5 $1 $19 {[%cal Rg5f4]} 34. Nd5 Kg7 35. hxg5 Qh5+ 36. Kg1 Qxg5) 34. Qd2 {[%emt 0:01:50]} g5 {[%emt 0:00:40]} 35. Nd3 $1 {[%emt 0:01:24] [#]} Nxd3 $2 {[%emt 0:02:53]} ({Black should play} 35... gxh4 $1 $11 {[%mdl 512]} 36. Rxf6 Qxg3+ 37. Kg1 Nxd3) 36. Rxf6 {[%emt 0:00:11]} Ne5 {[%emt 0:00:27]} 37. Rf1 {[%emt 0:00:50]} ({Der einzige Zug:} 37. hxg5 $16 Be6 38. Rf2 (38. Qxa5 Qxg5 39. Rf4 Kg7 $11)) 37... gxh4 {[%emt 0:00:34]} 38. Qf4 {[%emt 0:00:33]} h3 {[%emt 0:00:49]} ({Better is} 38... Qxf4 $1 $11 39. gxf4 Ng4+ 40. Kg1 Ne3) 39. Bh1 $2 {[%emt 0:00:29]} (39. Bf3 $14 Qg7 40. g4) 39... Qe2+ {[%emt 0:00:07]} 40. Rf2 {[%emt 0:00:09]} Qxf2+ {[%emt 0:00:11]} 41. Qxf2 {[%emt 0:00:03]} Ng4+ {[%emt 0:00:10]} 42. Kg1 {[%emt 0:00:03]} Nxf2 {[%emt 0:00:11]} 43. Kxf2 {[%emt 0:00:02]} Bg4 {[%emt 0:00:28]} 44. e5 {[%emt 0:00:59]} b6 {[%emt 0:00:36]} 45. Ke1 $19 {[%emt 0:00:21]} Kg7 {[%emt 0:00:36]} 0-1

[Event "LAT-ch Women 2017"]
[Site "Riga"]
[Date "2017.10.09"]
[Round "6"]
[White "Lazdina, Ingrida"]
[Black "Vainovska, Valentina"]
[Result "0-1"]
[WhiteElo "1937"]
[BlackElo "1676"]
[Annotator "NA RC"]
[PlyCount "64"]
[EventDate "2017.??.??"]
[EventType "swiss"]
[EventCountry "LAT"]
[SourceTitle "playchess.com"]
[Source "ChessBase"]
[SourceQuality "1"]
[TimeControl "5400+30"]

{[%evp 32,64,91,-10,0,-64,-49,32767,-62,-59,-39,32767,32767,32767,-44,-84,-52,-158,43,39,39,22,80,35,55,28,27,66,40,0,0,0,0,-123,-157]} 1. c4 {[%emt 0:00:00]} e5 {[%emt 0:00:11]} 2. Nc3 {[%emt 0:00:00]} Nf6 {[%emt 0:00:46]} 3. g3 {[%emt 0:00:14]} d6 {[%emt 0:00:28]} 4. Bg2 {[%emt 0:00:14]} g6 {[%emt 0:00:41]} 5. d3 {[%emt 0:00:16]} Bg7 {[%emt 0:00:30]} 6. Nf3 {[%emt 0:03:26]} O-O {[%emt 0:01:02]} 7. O-O {[%emt 0:00:04]} Nc6 {[%emt 0:00:27]} 8. Rb1 {[%emt 0:00:47]} Bd7 {[%emt 0:04:47]} 9. b4 {[%emt 0:02:47] A26: English Opening vs King's Indian with ...Nc6 and d3} a6 {[%emt 0:01:43]} 10. Bg5 $146 {[%emt 0:13:57]} ({Predecessor:} 10. a4 Qc8 11. Bg5 Bh3 12. b5 axb5 13. cxb5 Bxg2 14. Kxg2 Ne7 15. Qb3 Qd7 16. Nd2 Nf5 17. Bxf6 Bxf6 {½-½ (41) Larsen,B (2625)-Karpov,A (2705) Milan 1975}) 10... h6 {[%emt 0:00:32]} 11. Bd2 {[%emt 0:00:10]} Rb8 {[%emt 0:00:55]} 12. Qc1 {[%emt 0:03:43]} Kh7 {[%emt 0:00:30]} 13. a4 {[%emt 0:03:08]} Nd4 {[%emt 0:22:04]} 14. e3 {[%emt 0:00:51]} Ne6 {[%emt 0:05:14]} 15. d4 {[%emt 0:08:11]} exd4 {[%emt 0:14:38]} 16. exd4 {[%emt 0:00:22]} c5 {[%emt 0:04:27]} 17. d5 {[%emt 0:05:33]} ({White should play} 17. bxc5 $16 dxc5 18. d5) 17... cxb4 {[%emt 0:08:21]} 18. Rxb4 {[%emt 0:24:25]} Nc5 {[%emt 0:00:37]} 19. Qa3 {[%emt 0:00:23]} Bf5 {[%emt 0:12:07]} 20. a5 {[%emt 0:06:05]} Nfd7 {[%emt 0:05:09]} 21. Na2 {[%emt 0:10:20]} Re8 {[%emt 0:02:44]} 22. Nc1 {[%emt 0:03:01]} Qc7 {[%emt 0:03:26]} 23. Nh4 {[%emt 0:03:57]} Be4 {[%emt 0:02:25]} 24. f3 {[%emt 0:00:42] [#]} (24. Re1 $142) 24... g5 $2 {[%emt 0:01:05]} (24... Bc2 $1 $19 25. Bh3 b5 26. cxb5 axb5 27. Bxd7 Qxd7) 25. fxe4 {[%emt 0:01:20]} gxh4 {[%emt 0:01:28]} 26. Rxf7 {[%emt 0:02:22]} Kg8 {[%emt 0:00:58]} (26... Rf8 $11 27. Rf5 Ne5) 27. Qf3 {[%emt 0:03:35]} Nxe4 {[%emt 0:01:46]} 28. Rxg7+ {[%emt 0:01:58]} Kxg7 {[%emt 0:00:11]} 29. Qg4+ {[%emt 0:00:24]} Ng5 $1 {[%emt 0:00:50]} 30. gxh4 {[%emt 0:02:09]} (30. Nd3 $14 Nc5 31. Bxg5 (31. gxh4 Nxd3 32. Qd4+ Ne5 $17) 31... hxg5 32. Qxg5+ Kh8 33. Qxh4+ Kg8 34. Qg5+ Qg7 35. Qxg7+ Kxg7 36. Nxc5 Re1+ 37. Kf2 dxc5 38. Rb2 (38. Kxe1 cxb4 39. Kd2 Kf6 $11)) 30... Qc5+ {[%emt 0:00:13]} 31. Kh1 {[%emt 0:00:10]} Qf2 $1 {[%emt 0:01:40]} 32. Qxd7+ {[%emt 0:00:51] [#]} (32. Bc3+ $11 Kg8 33. hxg5 (33. Qxd7 $2 {gets mated.} Re1+ 34. Bxe1 Qxe1+ 35. Bf1 Qxf1#) (33. Nd3 Qc2 $11) 33... Re1+ 34. Bxe1 Qxe1+ 35. Bf1 Qxf1+ 36. Qg1 Qf3+ 37. Qg2 Qd1+ 38. Qg1 Qf3+ 39. Qg2 Qd1+ 40. Qg1 Qf3+) 32... Kg8 $17 {[%emt 0:01:31]} 0-1

[Event "LAT-ch Women 2017"]
[Site "Riga"]
[Date "2017.10.09"]
[Round "6"]
[White "Ungure, Liga"]
[Black "Maklakova, Nellija"]
[Result "0-1"]
[WhiteElo "1923"]
[BlackElo "1800"]
[Annotator "NA RC"]
[PlyCount "88"]
[EventDate "2017.??.??"]
[EventType "swiss"]
[EventCountry "LAT"]
[SourceTitle "playchess.com"]
[Source "ChessBase"]
[SourceQuality "1"]
[TimeControl "5400+30"]

{[%evp 29,88,-81,-70,-51,-102,-93,-61,-92,32767,-109,-96,-120,-134,-133,-121,-143,32767,32767,-27,-34,28,32767,32767,32767,32767,81,32767,32767,16,32767,135,141,125,121,32767,32767,32767,32767,32767,32767,32767,32767,32767,32767,123,69,145,192,227,-13,0,0,0,0,0,-5297,-29980,-5202,-29983,-29992,-29992]} 1. e4 {[%emt 0:00:00]} e6 {[%emt 0:00:06]} 2. d4 {[%emt 0:00:00]} d5 {[%emt 0:00:05]} 3. Nc3 {[%emt 0:00:00]} Nf6 {[%emt 0:00:14]} 4. e5 {[%emt 0:00:00]} Nfd7 {[%emt 0:00:07]} 5. Nf3 {[%emt 0:00:05]} c5 {[%emt 0:00:24]} 6. dxc5 {[%emt 0:00:15]} Nc6 {[%emt 0:03:47]} 7. Bf4 {[%emt 0:01:15]} Bxc5 {[%emt 0:00:45]} 8. Bd3 {[%emt 0:00:31]} Qb6 {[%emt 0:01:48]} 9. O-O {[%emt 0:01:59]} O-O {[%emt 0:11:14] C11: Französische Verteidigung} (9... Qb4 10. Bg3 a6 11. a3 Qg4 12. Qd2 Nd4 13. Nxd4 Bxd4 14. Be2 Bxc3 15. bxc3 Qa4 16. Rfb1 Nc5 17. f3 {1-0 (62) Waters,C (2207)-Walker,N (2177) England 2016}) 10. Bxh7+ {[%emt 0:30:51]} Kxh7 {[%emt 0:00:38]} 11. Ng5+ {[%emt 0:00:06]} Kg6 {[%emt 0:02:01]} 12. Qd3+ {[%emt 0:10:14]} f5 {[%emt 0:03:10]} 13. exf6+ $146 {[%emt 0:14:09]} ({Vorgänger:} 13. Nxe6 Re8 14. Qg3+ Kf7 15. Qxg7+ Kxe6 16. Qg6+ Ke7 {1-0 (16) Nemeth,L-Weiss,F LSS email 2006}) 13... Kxf6 {[%emt 0:00:16]} 14. Nh7+ {[%emt 0:07:39]} Kf7 {[%emt 0:01:20]} 15. Nxf8 {[%emt 0:03:07]} (15. Ng5+ $11 Ke7 16. Qg6 Rxf4 17. Qxe6+ Kd8 18. Nxd5) 15... Nxf8 {[%emt 0:10:20]} 16. Na4 {[%emt 0:01:57]} Qb4 {[%emt 0:05:35]} 17. Nxc5 {[%emt 0:00:07]} Qxf4 {[%emt 0:01:25]} 18. c3 {[%emt 0:02:04]} Ne5 {[%emt 0:01:57]} 19. Qg3 {[%emt 0:02:01]} Nfg6 {[%emt 0:05:52]} 20. Rae1 {[%emt 0:01:49]} Qxg3 {[%emt 0:01:58]} 21. fxg3+ {[%emt 0:02:16]} Ke7 {[%emt 0:00:49]} 22. Re3 {[%emt 0:03:50]} b6 {[%emt 0:02:06]} 23. Nb3 {[%emt 0:02:31] [#]} Ba6 {[%emt 0:03:45]} ({Black should try} 23... Nc4 $1 $17 {[%cal Rc4e3]} 24. Re2 Ba6) 24. Rfe1 {[%emt 0:00:37]} Rf8 {[%emt 0:01:08]} (24... Kd6 $15) 25. h4 {[%emt 0:00:42]} Rf5 {[%emt 0:25:09]} 26. Nd4 {[%emt 0:00:21]} Rh5 {[%emt 0:00:17] [#]} 27. Nc6+ $1 {[%emt 0:02:45]} Kf6 {[%emt 0:00:41]} 28. Nxa7 {[%emt 0:00:58]} Nf8 {[%emt 0:01:01]} 29. a4 {[%emt 0:01:02]} Nd3 {[%emt 0:01:17]} (29... Rf5 $11) 30. Rf1+ {[%emt 0:02:21]} Rf5 {[%emt 0:00:28]} 31. Rxf5+ {[%emt 0:00:03]} exf5 {[%emt 0:00:09]} 32. Re8 {[%emt 0:01:49]} Nd7 {[%emt 0:00:40]} 33. b4 {[%emt 0:00:36]} Nb2 {[%emt 0:01:38]} 34. a5 {[%emt 0:00:40]} bxa5 {[%emt 0:01:03]} 35. bxa5 {[%emt 0:00:02]} Nd1 {[%emt 0:00:24]} 36. Nc6 {[%emt 0:00:46]} Nxc3 {[%emt 0:04:07]} 37. Nb4 {[%emt 0:00:42]} Nc5 {[%emt 0:02:09]} 38. Nxa6 {[%emt 0:02:17]} Nxa6 {[%emt 0:00:36] [#]} 39. Rc8 $2 {[%emt 0:00:14]} ({White should try} 39. Ra8 $1 $18 {[%cal Ra8a6]} Nc7 40. Rc8) 39... d4 $1 {[%emt 0:01:03]} 40. Kf1 {[%emt 0:03:37]} Ke5 {[%emt 0:02:58]} 41. Rc6 {[%emt 0:00:58]} Nb4 {[%emt 0:00:41]} 42. Rg6 $2 {[%emt 0:01:17]} (42. Rc4 $11 Ncd5 43. Ke2) 42... d3 {[%emt 0:01:29]} 43. Ke1 {[%emt 0:00:20]} Ne4 {[%emt 0:00:30]} 44. a6 {[%emt 0:02:31]} Nc2+ {[%emt 0:00:59]} 0-1

[Event "LAT-ch Women 2017"]
[Site "Riga"]
[Date "2017.10.09"]
[Round "6"]
[White "Parhomenko, Margarita"]
[Black "Erneste, Inguna"]
[Result "0-1"]
[WhiteElo "1919"]
[BlackElo "2133"]
[Annotator "TA"]
[PlyCount "52"]
[EventDate "2017.??.??"]
[EventType "swiss"]
[EventCountry "LAT"]
[SourceTitle "playchess.com"]
[Source "ChessBase"]
[SourceQuality "1"]

{[%evp 14,52,0,-8,20,8,12,14,15,10,8,0,0,0,6,-181,-168,-188,-178,-355,-177,-218,-72,-63,-78,-116,-45,-223,-206,-279,-279,-279,-262,-785,-810,-794,-777,-942,-949,-944,-941]} 1. d4 d5 2. Nf3 Nf6 3. Bf4 e6 4. e3 Bd6 5. Bg3 O-O 6. Nbd2 c5 7. c3 Nc6 8. Bd3 h6 {D02: 1 d4 d5 2 Nf3 sidelines, including 2...Nf6 3 g3 and 2...Nf6 3 Bf4} (8... b6 9. Qe2 Bb7 10. Rd1 Re8 11. e4 e5 12. dxe5 Nxe5 13. Nxe5 Bxe5 14. f4 dxe4 15. Bb5 Bc7 16. Nc4 Qe7 17. Bxe8 Rxe8 {1-0 (61) Le,Q (2739)-Caruana,F (2807) Saint Louis 2017}) 9. Ne5 Ne7 {[%cal Bc6e7,Be7f5,Bf5e3][%mdl 32]} 10. f4 $146 ({Predecessor:} 10. dxc5 Bxc5 11. Bh4 Nc6 12. Ndf3 Nxe5 13. Nxe5 Bd6 14. f4 Qb6 15. Qe2 Nd7 16. Bg3 {0-1 (32) Savchenko,B (2602)-Guseynov,A (2399) Kesan 2017}) 10... b6 {The position is equal.} 11. Bh4 Nf5 12. Nc6 Qe8 13. Bxf6 $1 Qxc6 14. g4 $2 (14. Qg4 $11 {and White stays safe.} Be7 15. Bxe7 Nxe7 16. Qe2) 14... Nxe3 $19 (14... gxf6 15. gxf5 Re8 16. Rg1+ Kf8 17. Qh5 $16) 15. Qf3 {[#]} Bxf4 $1 16. Rg1 $2 (16. Nf1 Ng2+ 17. Kf2 gxf6 18. Kxg2) 16... Qd6 (16... gxf6 17. Qxf4 Ba6 18. Bxa6 $18 (18. Qxe3 cxd4 19. Qxd4 e5 $16)) (16... Qc7 $142 17. Nf1 Ba6) 17. g5 {And now gxh6 would win.} hxg5 (17... gxf6 $19 {has better winning chances.} 18. gxf6+ Kh8) 18. Qh5 $17 {[%csl Gd3][%cal Rh5h7]} Nf5 19. Bxg5 Bxg5 (19... cxd4 20. Bf6 $18) ({Black should play} 19... Bxh2 $17 20. Bxf5 exf5) 20. Qxg5 $2 (20. Rxg5 $15 g6 21. O-O-O) 20... Qe7 $19 ({Stronger than} 20... cxd4 21. Bxf5 Qe5+ 22. Kd1 $14) 21. Qg2 Qh4+ 22. Ke2 Qh6 {[#] ...Qe3+ is the strong threat.} 23. dxc5 $2 (23. Qg5) 23... Qe3+ {Black is clearly winning.} 24. Kd1 Qxd3 25. Qe2 Ne3+ 26. Ke1 Nc2+ {Precision: White = 35%, Black = 42%.} 0-1